00554nam a22002057a 450000500170000001000130001702000100003003500130004003700170005304000120007008200150008210000210009724500890011826000460020727000130025330000270026650000200029365000210031365000140033420170124110013.0 aA-861605 c00.00 aA-861605 bCen Lib/ Ret aDPLbEN a005.3bNEI aNeibaes, Alan R. aMicrosoft word for windows 95 made easy :cby Alan R. Neibauerbbasics and beyond / aNew YorkbTata Mcgraw hill company c1995 bNew York a494p.:c22cm(Hb)bill. aIncludes index  aCompuet science  aSoftwares